000 01040nas a2200337 4500
001 BR0104818
003 BR-BrBNA
005 20231205102448.0
007 ta
008 230509b bl.|||p| |||| 00| 00por d
040 _aBR-BrBNA
_bpor
_cBiblioteca Nacional de Agricultura
041 _a(Pt)
072 _aL73; L02; L74
100 1 _aDonzele, J.L.
100 1 _aOliveira, R.F.M. de
100 1 _aCella, P.C.
100 1 _aOliveira Neto, A.R. de
245 1 _aEfeito da nicarbazina sobre o desempenho de frangos de corte recebendo diferentes niveis de lisina submetidos a estresse por calor
650 _aFrango de Corte
650 _aLisina
650 _aAnti-Helmintico
650 _aCoccidiose
650 _aStress
650 _aRacao
650 _aTemperatura
650 _aIdade
650 _aMinas Gerais
773 0 _tRevista Brasileira de Zootecnia (Brazil)
_xISSN 1516-3598
_g(May-Jun 2001), v. 30(3)Suplemento 1 p. 1052-1057
_wBR0104818
909 _a202311
_bLúcia
_c55
_dLúcia Elande
942 _2AGRIS
_n0
_cANA
999 _c167695
_d167695